European Forum of Entrepreneurship 2021 "Viroeconomies - Collapse or New Business Opportunities?"

Enregistré dans:
Détails bibliographiques
Collectivité auteur: European Forum of Entrepreneurship 2021. International Scientific Conference
Format: Livre
Langue:anglais
Publié: Praha NEWTON College 2021
Édition:1st Edition
Sujets:
Tags: Ajouter un tag
Pas de tags, Soyez le premier à ajouter un tag!

MARC

LEADER 00000nam a2200000 4500
001 0280673
005 20240822101718.1
020 |a 978-80-87325-42-1 
041 0 |a eng 
044 |a CZ 
245 1 0 |a European Forum of Entrepreneurship 2021  |b "Viroeconomies - Collapse or New Business Opportunities?" 
250 |a 1st Edition 
264 1 |a Praha  |b NEWTON College  |c 2021 
300 |a 278 s. 
610 2 0 |a podnikanie 
610 2 0 |a zodpovednosť spoločenská 
610 2 0 |a koronakríza 
110 2 |a European Forum of Entrepreneurship 2021. International Scientific Conference